Knyžka pro henija ukrajins'koho ta svitovoho mystectva

Bibliographic Details
Main Author: Mušinka, Mikuláš, 1936-2024 (Author)
Format: Article
Language:Ukrainian
PhysicalDescription:Fotogr.
Subjects:

MARC

LEADER 00000nab a2200000 a 4500
001 vtls010634320
003 SK-MaSNL
005 20260318114355.0
008 141110c2014 xo br p 000 c0ukr
015 |a SNBRB2014/11 
038 |a SVKPOCL 
040 |a SVKPOCL  |b slo  |c SVKPOCL  |e AACR2 
041 0 |a ukr 
044 |a xo  |c SK 
080 |a 80(=16)+908(4)  |2 2001 
080 |a 80(=161.2)+908(477)  |2 2001 
080 |a 82-4  |2 2001 
080 |a 75.071.1  |2 2001 
080 |a 929 Marčuk, Ivan  |2 2001 
080 |a (048.8)  |2 2001 
080 |a (477)  |2 2001 
080 |a (092)  |2 2001 
100 1 |a Mušinka, Mikuláš,  |d 1936-2024  |4 aut  |9 99915 
245 1 0 |a Knyžka pro henija ukrajins'koho ta svitovoho mystectva  |c Mykola Mušynka 
300 |b Fotogr. 
500 |a V rubrike Mystectvo 
600 1 7 |a Marčuk, Ivan,  |d 1936-  |2 svkpocl  |9 48227 
650 0 7 |a maliari  |2 svkpocl  |9 3150 
650 0 7 |a osobnosti  |2 svkpocl  |9 29820 
650 0 7 |a slavistika  |2 svkpocl  |9 4282 
650 0 7 |a ukrajinistika  |2 svkpocl  |9 51200 
650 0 7 |a eseje  |2 svkpocl  |9 144629 
651 7 |a Moskalivka (Ukrajina)  |2 svkpocl  |9 1629168 
651 7 |a Kyjev (Ukrajina)  |2 svkpocl  |9 30606 
655 7 |a recenzie  |2 svkpocl  |9 21907 
655 7 |a články z novín a časopisov  |2 svkpocl  |9 267496 
655 7 |a biografie  |2 svkpocl  |9 27965 
773 0 |t Duklja  |g Rik vydannja 62, No 5 (2014), s. 90-95 
787 0 8 |i Rec.:  |a Klymčuk, Oleksandr Oleksandrovyč, 1942-  |t «Ja jesm'-» (Ivan Marčuk) : jesej-biohrafija  |d Kyjiv : Ukrajins'kyj pys'mennyk, 2013  |z 9789667793366. 
852 |a SVKPO  |b KIS3GCP 
958 |a UK 
958 |a BC 
958 |a SK 
958 |a UA 
958 |a RC 
958 |a SS 
999 |c 3362413  |d 3364343